000
00229 a2200097 4500
020
_a
999248635X
041
_a
spa
100
_a
Mecd
245
_a
Guia didactica sobre los derechos humanos de la ninez y la adolecencia
942
_c
BK
999
_c
12580
_d
12580